000 00435cam a22001337a 4500
008 180718b1994 xxu||||| |||| 00| 0 eng d
082 _aB3x547 M892a
100 _aShaikh, Muhammad Hassan
245 _aAn introduction to public with reference to Pakistan
_cby Muhammad Hassan Shaikh
260 _a
_bRehbar
_c1994
300 _a304p.
650 _aPublic administration - Decision making - Pakistan
650 _aPublic policy - Pakistan
999 _c379505
_d379505